[Event "Paulista-ch zt"]
[Site "Itapetininga"]
[Date "2012.10.13"]
[Round "3"]
[White "Cardoso, Felipe"]
[Black "De Carvalho, Igor Lorenzon"]
[Result "0-1"]
[WhiteElo "1800"]
[BlackElo "1874"]
[PlyCount "68"]
[EventDate "2012.10.12"]
[EventType "swiss"]
[EventRounds "6"]
[EventCountry "BRA"]
[SourceTitle "CBM 151 Extra"]
[Source "ChessBase"]
[SourceDate "2012.12.18"]
[SourceVersion "1"]
[SourceVersionDate "2012.12.18"]
[SourceQuality "1"]

1. d4 Nf6 2. e3 b6 3. Nf3 Bb7 4. Bd3 g6 5. 0-0 Bg7 6. Nbd2 0-0 7. Re1 c5 8. c3 d6 9. Nf1 Ne4 10. Bxe4 Bxe4 11. N3d2 Bb7 12. Ng3 Nd7 13. f4 f5 14. Nf3 h6 15. Nh4 Kh7 16. Nf3 e5 17. dxe5 dxe5 18. fxe5 Nxe5 19. Nxe5 Bxe5 20. Qe2 Qc7 21. Nf1 Rad8 22. Bd2 Be4 23. c4 Bxb2 24. Ng3 Bd3 25. Qf2 Bxa1 26. Rxa1 Bxc4 27. Bc3 Rd3 28. Qb2 Rxe3 29. Rd1 Rfe8 30. Qf2 Rxc3 31. Nxf5 gxf5 32. Qxf5+ Kg8 33. Rd7 Rc1+ 34. Kf2 Rf1# 0-1